Resmas e lenzos (Record no. 66528)

MARC details
000 -LEADER
campo de control de longitud fija 00945nam a2200241 i 4500
001 - NÚMERO DE CONTROL
campo de control 66528
003 - IDENTIFICADOR DE NÚMERO DE CONTROL
campo de control ES-MaACL
005 - FECHA Y HORA DE LA ÚLTIMA TRANSACCIÓN
campo de control 20251114131552.0
007 - CAMPO FIJO DE DESCRIPCIÓN FÍSICA--INFORMACIÓN GENERAL
campo de control de longitud fija t|
008 - DATOS DE LONGITUD FIJA--INFORMACIÓN GENERAL
campo de control de longitud fija 040301s2001 sp ||||1| spa d
080 ## - NÚMERO DE LA CLASIFICACIÓN DECIMAL UNIVERSAL
Número de la Clasificación Decimal Universal 75Barros, Tomás(064)
100 1# - ENTRADA PRINCIPAL--NOMBRE DE PERSONA
Nombre de persona Barros, Tomás (
Fechas asociadas al nombre 1922-1986)
9 (RLIN) 26051
245 10 - MENCIÓN DEL TÍTULO
Título Resmas e lenzos
Resto del título : Tomás Barros (1922-1986) : exposición antolóxica, Centro Cultural Torrente Ballester, Ferrol /
Mención de responsabilidad, etc. [textos, Luis Alonso Girgado ...et al.].
260 ## - PUBLICACIÓN, DISTRIBUCIÓN, ETC.
Lugar de publicación, distribución, etc. [Ferrol :
Nombre del editor, distribuidor, etc. s.n.,
Fecha de publicación, distribución, etc. 2001] (
Lugar de fabricación/manufactura A Coruña :
Fabricante Imprenta Provincial)
300 ## - DESCRIPCIÓN FÍSICA
Extensión 72 p., 16 h. de lám. :
Otras características físicas il. ;
Dimensiones 30 cm.
600 14 - PUNTO DE ACCESO ADICIONAL DE MATERIA--NOMBRE DE PERSONA
Nombre de persona Barros, Tomás (
Fechas asociadas al nombre 1922-1986)-
Subdivisión de forma Exposiciones.
9 (RLIN) 26052
650 #4 - PUNTO DE ACCESO ADICIONAL DE MATERIA--TÉRMINO DE MATERIA
Término de materia o nombre geográfico como elemento de entrada Pintura española-
Subdivisión cronológica S.XX-
Subdivisión de forma Exposiciones.
9 (RLIN) 16043
655 #7 - TERMINO DE INDIZACIÓN--GENERO/FORMA
Fuente del término tgfbne
9 (RLIN) 193628
Datos o término principal de género/forma Catálogos de exposiciones
700 1# - ENTRADA AGREGADA--NOMBRE PERSONAL
Nombre de persona Alonso Girgado, Luis,
Fechas asociadas al nombre 1946-
9 (RLIN) 20332
852 ## - LOCALIZACIÓN
Ubicación ES-MaACL
Número de control de estantería L-26986
Sublocalización o colección R.132632
942 ## - ELEMENTOS DE ENTRADA SECUNDARIOS (KOHA)
Fuente del sistema de clasificación o colocación Clasificación decimal universal
Holdings
Estatus retirado Estado de pérdida Estado de daño No para préstamo Biblioteca de origen Biblioteca actual Ubicación en estantería Fecha de adquisición Fuente de adquisición Total de préstamos Signatura topográfica completa Código de barras Visto por última vez Precio de reemplazo Tipo de ítem Koha
        Biblioteca del Ateneo de Madrid Biblioteca del Ateneo de Madrid Depósito 2 17/01/2008     L-26986 1069690 23/02/2023 23/02/2023 Libro impreso